000 00207 a2200097 4500
001 45378
100 _aMuhammad Tufail
245 _aNaqoosh
260 _aLahore
_bIdra Ferokh Urdu
_c
090 _c28539
_d28539
942 _aNUST-CAE
_cM
_c20601
999 _c280451
_d280451